000 00269nam a22001217a 4500
999 _c8163
_d8163
003 OSt
005 20200806152455.0
008 200806b ||||| |||| 00| 0 eng d
082 _a306.094
245 _aManav Sadhana Campus 2005-2011
260 _bFootprints
942 _2ddc